| 000 | 00561nam a22001697a 4500 | ||
|---|---|---|---|
| 003 | NUST | ||
| 038 | _aNusrat Nadeem | ||
| 082 | _a200 | ||
| 100 |
_aAbid, Adeel Bin _9125979 |
||
| 245 |
_aHigh Gain Beam Scanning Antenna using Ridge Gap Waveguide Technology / _cAdeel Bin Abid, |
||
| 264 |
_aIslamabad; _bSEECS NUST; _c2024. |
||
| 300 |
_a79,p; _bill; _c30,cm. |
||
| 690 |
_aMS-Electrical Engineering _923567 |
||
| 700 |
_aSupervisor: Dr. Muhammad Mustafa Tahseen _9106932 |
||
| 856 | _u http://10.250.8.41:8080/xmlui/handle/123456789/46563 | ||
| 942 |
_2ddc _cSC |
||
| 999 |
_c611686 _d611686 |
||